00397nam a22001097a 4500008004100000020001500041050002400056245013500080260003300215300001800248700002100266140911b xxu||||| |||| 00| 0 eng d a040600031x aKD288.A6(1895-1899) aThe All England law reports reprint 1895-1899:being a selection from the law times reports 1843-1935. /cedited by G.F.L. Bridgman aLondon:bButterworth,c1963. a1294p.c23cm. aBridgman, G.F.L.